000
00320nam a2200109Ia 4500
008
171211s9999 xx 000 0 und d
245
_a
Impulse: Why We Do What We Do Without Knowing Why We Do It
245
_c
David Lewis
260
_c
2009
650
_x
Sexuality
856
_u
http://down.ebook777.com/060/1592334814.pdf
999
_c
350667
_d
350667